Movies Quiz

Random Movies Quiz

Jerry Maguire Quiz Stats

 Plays Quiz not verified by Sporcle

Challenge
Share
Tweet
Embed
Score 0/28 Timer 06:00
0 Plays Today
% Correct
Jerry Maguire
98.1%
Tom Cruise
93.8%
Hello
75.6%
Money
70.9%
Cuba Gooding, Jr.
64.7%
Arizona Cardinals
55.8%
Rod Tidwell
52.3%
Free Fallin
47.7%
Kelly Preston
43.4%
Dorothy Boyd
42.2%
Tom Petty
39.9%
Renee Zellwegger
38.4%
Quan
38%
Bob Sugar
35.7%
% Correct
Dallas Cowboys
35.7%
Jay Mohr
32.9%
Zoo
32.2%
Ray Boyd
30.6%
Secret Garden
30.6%
Cameron Crowe
29.5%
Bruce Springsteen
28.7%
Jonathan Lipnicki
27.9%
Flipper
26.7%
Jerry O'Connell
25.6%
Dicky Fox
20.5%
The Things We Think But Do Not Say
11.6%
Avery Bishop
9.7%
Frank 'Cush' Cushman
2.3%

You're not logged in!

Compare scores with friends on all Sporcle quizzes.
OR
Log In

You Might Also Like...

Show Comments

Extras

Created Oct 15, 2009ReportNominate
Tags:jerry, Jerry Maguire, maguire

Top Quizzes Today


Score Distribution

Your Account Isn't Verified!

In order to create a playlist on Sporcle, you need to verify the email address you used during registration. Go to your Sporcle Settings to finish the process.

Report this User

Report this user for behavior that violates our Community Guidelines.

Details: